Justicia municipal y autonomía comunal (Registro nro. 7128)

Detalles MARC
000 -LEADER
fixed length control field 01196 a2200217 4500
001 - CONTROL NUMBER
control field 60930
005 - DATE AND TIME OF LATEST TRANSACTION
control field 20260407155859.0
008 - FIXED-LENGTH DATA ELEMENTS--GENERAL INFORMATION
fixed length control field 260407a1991 arg spa d
003 - CONTROL NUMBER IDENTIFIER
control field AR-UNSa-BCEJYS
040 ## - CATALOGING SOURCE
Original cataloging agency AR-UNSa-BCEJYS
Language of cataloging spa
Transcribing agency AR-UNSa-BCEJYS
080 ## - UNIVERSAL DECIMAL CLASSIFICATION NUMBER
Universal Decimal Classification number 352
Common auxiliary subdivision Niveles inferiores de la administración. Gobierno local. Administración municipal. Autoridades locales<br/>
020 ## - INTERNATIONAL STANDARD BOOK NUMBER
International Standard Book Number 978-950-9606-19-7
041 ## - LANGUAGE CODE
Language code of text/sound track or separate title spa
100 1# - MAIN ENTRY--PERSONAL NAME
Personal name Losa, Néstor O.
245 10 - TITLE STATEMENT
Title Justicia municipal y autonomía comunal
264 #1 - PRODUCTION, PUBLICATION, DISTRIBUTION, MANUFACTURE, AND COPYRIGHT NOTICE
Place of production, publication, distribution, manufacture Buenos Aires :
Name of producer, publisher, distributor, manufacturer AD-HOC
Date of production, publication, distribution, manufacture, or copyright notice 1991
300 ## - PHYSICAL DESCRIPTION
Extent 239 p.
Dimensions 19 cm.
505 ## - FORMATTED CONTENTS NOTE
Formatted contents note 1. Introducción - 2. Origen del Municipio - 3. Ambito Nacional - 4. Síntesis de algunas doctrinas nacionales destacables - 5. breve reseña del Municipio en el derecho comparado - 6. Derecho Municipal: su existencia y autonomía - 7. La autonomía Municipal - 8. Las nuevas constituciones provinciales y el municipio - 9. los delitos y las faltas o contraversiones - 10. El Poder Judicial Municipal: su constitucionalidad. Existencia de una jurisdicción autonómica. Introducción - 11. Poder Judicial y Justicia Administrativa -
590 ## - LOCAL NOTE (RLIN)
Local note niveau_biblio:m niveau_hierar:0
942 ## - ADDED ENTRY ELEMENTS (KOHA)
Koha item type
Existencias
Withdrawn status Lost status Damaged status Not for loan Home library Current library Shelving location Date acquired Total checkouts Full call number Barcode Date last seen Price effective from Koha item type
        Biblioteca Prof. Eusebio Cleto del Rey Biblioteca Prof. Eusebio Cleto del Rey   07/04/2026   352 L879 L58883 07/04/2026 07/04/2026 Libro